000 00439nam a2200181Ia 4500
001 16432
005 20260306170309.0
008 260306t2013||||xx |||||||||||||| ||und||
041 _aESP
082 _a348.6
_bC34D
100 _aCastillo Guzmán, Jorge,
_eAUT
245 0 _aCompendio de derecho laboral peruano
260 _c2013
300 _a864 páginas :
_c25 cm.
650 _aGEN
654 _aCDE
942 _cLIB
_dJUS
_fJUS
_2ddc
_n
999 _c16432
_d16432